Statistiques concernant Harry Potter: le Souvenir de l'Histoire de Severus Rogue

Cliquez ici pour prendre le quiz!

Statistiques générales

  • Ce quiz a été pris 164 fois
  • Le résultat moyen est 16 sur 49

Statistiques - réponses

InformationRéponses% Correct
Personnage mentionnéHarry Potter
92%
ObservateurHarry Potter
92%
Personnage présentJames Potter
89%
Personnage présentLily Evans
87%
Propriétaire du souvenirSeverus Rogue
87%
Personnage présentSeverus Rogue
87%
Personnage présentAlbus Dumbledore
78%
Personnage présentRemus Lupin
76%
Personnage présentSirius Black
76%
Personnage présentPeter Pettigrow
75%
Première apparitionHarry Potter et les Reliques de la Mort
73%
Dernière apparitionHarry Potter et les Reliques de la Mort
73%
Personnage mentionnéLord Voldemort
62%
Lieu du souvenirBureau de Albus Dumbledore
57%
Lieu d'observationBureau de Albus Dumbledore
57%
Personnage mentionnéBellatrix Lestrange
46%
Personnage présentMinerva McGonagall
45%
Personnage présentPétunia Dursley
42%
Personnage mentionnéDrago Malefoy
40%
Personnage présentLucius Malefoy
40%
Personnage mentionnéHermione Granger
29%
Lieu du souvenirGrande Salle
26%
Personnage mentionnéNagini
18%
Personnage mentionnéEileen Prince
16%
Personnage mentionnéSibylle Trelawney
14%
Personnage présent (animal)Fumseck
12%
Personnage mentionnéTobias Rogue
12%
Personnage mentionnéIgor Karkaroff
10%
Lieu du souvenirEntrée de la Tour de Gryffondor
9%
Personnage présentGeorge Weasley
9%
Lieu du souvenirChambre de Sirius Black
7%
Personnage mentionnéFenrir Greyback
7%
Lieu du souvenirPoudlard express
7%
Personnage mentionnéAlecto Carrow
5%
Personnage mentionnéAmycus Carrow
5%
Personnage mentionnéAvery
4%
Personnage mentionnéQuirinus Quirrell
4%
Lieu du souvenirCour de Poudlard
3%
Personnage présentFleur Delacour
3%
Personnage mentionnéMary Macdonald
2%
Personnage présentMondingus Fletcher
2%
Lieu du souvenirBosquet
1%
Personnage mentionnéElvis Gaunt
1%
Personnage mentionnéGellert Grindelwald
1%
Personnage mentionnéMulciber
1%
Personnage mentionnéPhineas Nigellus Black
1%
Lieu du souvenirPleine de jeu
1%
Personnage présentRoger Davies
1%
Lieu du souvenirVoie 9 3/4
1%

Distribution des résultats

Percentile par nombre de réponses

% des personnes avec chaque résultat

Votre développement - résultats

Vous n’avez pas pris ce quiz